| 000 | 00677nam a2200253Ia 4500 | ||
|---|---|---|---|
| 003 | OSt | ||
| 005 | 20220918174347.0 | ||
| 006 | a|||||r|||| 00| 0 | ||
| 007 | ta | ||
| 008 | 220917b |||||||| |||| 00| 0 eng d | ||
| 024 | _a11,764 | ||
| 037 | _cTextual | ||
| 040 |
_aARTS _cARTS _beng |
||
| 041 |
_2eng _aeng |
||
| 082 | _aMK2:573, J3 | ||
| 100 |
_aSen K C. _950125 |
||
| 245 | 0 | _aAnimal nutrition research in India | |
| 260 |
_aLondon _bMacmillan and co Limited USA _c1953 |
||
| 300 |
_a370p _ccm. |
||
| 490 | _aAnimal husbandry manuals; 1 | ||
| 650 | _aINDUSTRIAL ARTS | ||
| 942 |
_hMK2:573, J3 _cTEXL _2CC |
||
| 999 |
_c152850 _d152850 |
||